000 00870nam a2200289 a 4500
999 _c9724
_d9724
001 9724
003 BD - JhCC
005 20180327102913.0
008 180324s1991 enk d 000 0 eng d
020 _a0194312828
035 _aBNB issue 2164
_a(BD-JhCC)9724
040 _aBD-JhCC
_d(BD-JhCC)
041 _aeng
082 _a423
_220
_bOXF 1991
245 0 0 _aOxford learner's pocket dictionary /
_cMartin H. Manser, Fergus McGauran,
250 _aNew ed.
260 _aOxford :
_bOxford University Press,
_c1991.
300 _avi, 490 p ;
_c15 cm
500 _aText on inside covers
500 _aPrevious ed.: published as Oxford keys English dictionary. 1983
650 0 _aEnglish language
_vDictionaries
700 1 _aManser, Martin H.
700 1 _aMcGauran, Fergus.
740 0 _aOxford keys English dictionary
942 _2ddc
_cBK